[Event "Porto Alegre op"]
[Site "Porto Alegre"]
[Date "2023.08.27"]
[Round "5"]
[White "Goetten Wagner, Julia"]
[Black "Almeida Filho, Teofilo Lemos"]
[Result "0-1"]
[WhiteElo "1645"]
[BlackElo "1800"]
[PlyCount "80"]
[EventDate "2023.08.25"]
[EventType "swiss"]
[EventRounds "5"]
[EventCountry "BRA"]
[SourceTitle "EXT 2024"]
[Source "ChessBase"]
[SourceDate "2023.10.10"]
[SourceVersion "1"]
[SourceVersionDate "2023.10.10"]
[SourceQuality "1"]

1. e4 c5 2. Nf3 d6 3. d4 cxd4 4. Nxd4 Nf6 5. Nc3 a6 6. f3 e6 7. Be3 Be7 8. Qd2 Qc7 9. g4 Nc6 10. g5 Nd7 11. 0-0-0 Nb6 12. Qf2 Nxd4 13. Bxd4 Bxg5+ 14. Kb1 Nd7 15. Bxg7 Rg8 16. Bd4 b5 17. Rg1 Rg6 18. h4 Be7 19. Rxg6 hxg6 20. h5 gxh5 21. Bh3 Nf6 22. Rg1 e5 23. Bb6 Qc6 24. Bg2 Be6 25. f4 Ng4 26. Qe1 Qxb6 27. fxe5 dxe5 28. Rh1 Qf2 29. Qxf2 Nxf2 30. Rxh5 Ng4 31. Bh3 Bf6 32. Rh7 Kf8 33. Bxg4 Bxg4 34. Nd5 Bg7 35. Rh4 Be6 36. Nc7 Rd8 37. b3 Rd6 38. Rh2 Bf6 39. Rh6 Bd8 40. Rh8+ Kg7 0-1

[Event "Porto Alegre op"]
[Site "Porto Alegre"]
[Date "2023.08.25"]
[Round "1"]
[White "Calsing, Ado"]
[Black "Almeida Filho, Teofilo Lemos"]
[Result "1-0"]
[WhiteElo "1886"]
[BlackElo "1800"]
[PlyCount "75"]
[EventDate "2023.08.25"]
[EventType "swiss"]
[EventRounds "5"]
[EventCountry "BRA"]
[SourceTitle "EXT 2024"]
[Source "ChessBase"]
[SourceDate "2023.10.10"]
[SourceVersion "1"]
[SourceVersionDate "2023.10.10"]
[SourceQuality "1"]

1. d4 Nf6 2. c4 g6 3. Nc3 Bg7 4. e4 d6 5. f3 0-0 6. Be3 c6 7. Qd2 e5 8. d5 Qa5 9. Bd3 Rd8 10. Nge2 cxd5 11. cxd5 Na6 12. 0-0 Nc5 13. Bc2 Bd7 14. a3 Na6 15. b4 Qc7 16. Bd3 Qb8 17. Nc1 Nh5 18. Nb3 b5 19. Rfc1 f5 20. Na5 Nc7 21. Ra2 Rf8 22. Rac2 Ne8 23. Nc6 Bxc6 24. dxc6 Nc7 25. exf5 gxf5 26. Bxb5 f4 27. Bf2 e4 28. Bc4+ Kh8 29. fxe4 Be5 30. Nd5 Ne6 31. c7 Qe8 32. Ba6 Qg6 33. c8Q f3 34. g3 Nxg3 35. hxg3 Bxg3 36. Bxg3 Qxg3+ 37. Kh1 f2 38. Qdc3+ 1-0